000 00228nam a2200097Ia 4500
008 240331s9999 xx 000 0 und d
082 _bTHI
100 _aThiruchelvam, N
245 0 _aCivil disobedience and other essays
942 _cL
999 _c3950
_d3950